| 000 | 006980000a22001810004500 | ||
|---|---|---|---|
| 090 | _aSeriadas | ||
| 245 | 1 | 0 | _aEstudios en labiatae de Colombia V: nuevo nombre para Scutellaria Leptosiphon Epling, planta redescubierta en la cordillera oriental de Colombia |
| 044 | _aColombia | ||
| 041 | 0 | _aEspañol | |
| 690 |
_aHábitat vegetal _995074 |
||
| 690 |
_aConservación de biodiversidad _9345 |
||
| 690 |
_aFlora de Colombia _929781 |
||
| 651 | 4 |
_pColombia _lCordillera Oriental _992749 |
|
| 653 | _gScutellaria | ||
| 100 | 1 |
_aFernández Alonso, José Luis _94621 |
|
| 942 | _cARTICULO | ||
| 773 | 1 |
_tRevista de la Academia Colombiana de ciencias exactas, físicas y naturales _h112 _q320-324 _d2005 _g29 |
|
| 999 |
_c16322 _d16322 |
||